000 00975nam a2200301 a 4500
999 _c1350
_d1350
001 2492023
003 OSt
005 20200228110959.0
008 910228s1991 stka b 001 0 eng
010 _a 91124151
020 _a0443041504
040 _aDLC
_cDLC
050 0 0 _aRG101
_b.W74 1991
082 0 0 _aWQ100 W660 1991
_220
100 1 _aWillocks, James; Neilson, James P.
_93575
245 1 0 _aObstetrics and Gynaecology
250 _a4th ed.
260 _aEdinburgh ;
_aNew York :
_bChurchill Livingstone,
_c1991.
300 _aix, 310 p. :
_bill. ;
_c22 cm.
440 0 _aStudents notes
_93576
500 _aRev. ed. of: Essentials of obstetrics and gynaecology.
504 _aIncludes bibliographical references (p. 293-294) and index.
650 0 _aGynecology.
_91956
650 0 _aObstetrics.
_95
906 _a7
_bcbc
_corignew
_d3
_encip
_f19
_gy-gencatlg
942 _2z
_cSLOAN